| 000 | 00635nam a2200205Ia 4500 | ||
|---|---|---|---|
| 003 | OSt | ||
| 005 | 20230511164141.0 | ||
| 008 | 210423s2003 xx 000 0 und d | ||
| 020 | _a9788181474117 | ||
| 040 | _cAL | ||
| 041 | _aeng | ||
| 082 |
_a660.6072 _223 _bSTEF |
||
| 100 |
_aSTEPHENSON (Frank H) _9103985 |
||
| 245 | _aCalculation in molecular biology and biotechnology: a guide to mathematics in the laboratory. | ||
| 260 |
_aUSA _bAcademic Press _c2003 |
||
| 300 |
_axv,302 _bPB |
||
| 365 |
_b495 _cINR |
||
| 906 | _abiology ; biotechnology ; Calculation ; guide ; laboratory. ; mathematics ; molecular | ||
| 942 |
_2ddc _cBK |
||
| 999 |
_c164348 _d164348 |
||